Statistics for Countries On The Equator

Click here to take the quiz!

General Stats

  • This quiz has been taken 16 times
  • The average score is 11 of 13

Answer Stats

Answer% Correct
Brazil
94%
Democratic Republic Of The Congo
94%
Ecuador
94%
Indonesia
94%
Republic Of The Congo
94%
Somalia
88%
Kenya
81%
Colombia
75%
Gabon
75%
Maldives
75%
Uganda
75%
Kiribati
56%
Sao Tome and Principe
56%

Score Distribution

Percentile by Number Answered

Percent of People with Each Score

Your Score History

You have not taken this quiz